[Event "RUS-ch Women Rapid 2019"]
[Site "Sochi"]
[Date "2019.10.16"]
[Round "9.8"]
[White "Bykova, Anastasia"]
[Black "Fominykh, Maria"]
[Result "1/2-1/2"]
[WhiteElo "2247"]
[BlackElo "2206"]
[Annotator "TA"]
[PlyCount "131"]
[EventDate "2019.10.15"]
[EventType "swiss"]
[EventCountry "RUS"]
[SourceTitle "playchess.com"]
[Source "ChessBase"]
[SourceQuality "1"]

{[%evp 9,131,-2,7,0,0,-20,-19,-12,-8,-8,-1,0,6,-9,30,-38,0,-58,-18,-27,-37,-47,-14,-19,6,-31,-12,-87,-90,-88,-83,-88,-84,-101,-80,-175,-159,-118,0,0,0,0,0,-39,0,0,87,78,223,69,69,72,303,313,303,300,275,223,557,541,640,618,537,350,560,557,600,555,547,543,608,608,605,372,368,347,321,177,252,270,482,480,692,696,703,683,668,-29988,-29989,-12843,-125,-119,-107,-113,-112,-186,-188,-183,0,-34,0,0,0,-159,0,0,0,0,0,0,0,0,0,0,0,0,0,0,0,0,0,0,0,0]} 1. d4 d6 2. c4 e5 3. Nf3 e4 4. Ng5 f5 5. g3 Be7 (5... h6 $5 6. Nh3 $8 g5 $11) 6. h4 {A41: 1 d4 d6: Tartakower System and Modern Defence} (6. Nh3 Nf6 7. Nc3 c6 8. d5 Nbd7 9. Bg2 Nb6 10. b3 cxd5 11. cxd5 Nbxd5 12. Nxd5 Qa5+ 13. Bd2 Qxd5 14. O-O Bd7 15. Rc1 O-O {0-1 (31) Jumabayev,R (2554)-Smirin,I (2659) Skopje 2013}) 6... Nf6 7. Bg2 c6 8. d5 cxd5 9. cxd5 Na6 $146 ({Predecessor:} 9... h6 10. Nh3 Nbd7 11. Nf4 Ne5 12. h5 O-O {½-½ (12) Olarasu,G (2222)-Moldovan,D (2447) Predeal 2006}) 10. Nc3 O-O 11. O-O Ng4 12. Nh3 ({Better is} 12. Bh3 $11) 12... Bd7 13. f3 (13. Nf4 $11) 13... exf3 (13... Qb6+ {looks sharper.} 14. Kh1 Ne3 15. Bxe3 Qxe3 16. Qc1 Qxc1 17. Raxc1 exf3 18. exf3 Bf6) 14. exf3 Ne5 15. Qe2 b5 16. Nf4 Nc7 17. a3 a5 18. Ne6 (18. Qf2 $11) 18... Nxe6 $17 19. dxe6 Bxe6 20. f4 Bc4 21. Bd5+ Kh8 22. Qg2 (22. Bxc4 $17 Nxc4 23. a4) 22... Bxf1 $19 23. Kxf1 Nc4 ({Black should play} 23... Rc8 $17 24. fxe5 dxe5) 24. Bxa8 $11 Qxa8 25. Qxa8 Rxa8 26. Nxb5 Bf6 27. a4 d5 (27... Bxb2 $11 28. Bxb2 Nxb2) 28. Rb1 Re8 (28... Be7 $16) 29. Nc7 $2 (29. b3 $1 $18) 29... Rd8 $14 30. b3 Nb6 $2 (30... Nd6 $16) 31. Bd2 $18 Rb8 32. Re1 (32. Bxa5 Nxa4 33. Nxd5 Nc5 $16) 32... Nd7 33. Nxd5 Bd4 $2 (33... Kg8 {is a better chance.} 34. b4 (34. Bxa5 Rxb3 35. Re3 Rxe3 $16) 34... axb4) 34. Bxa5 Nc5 35. Bc7 Rc8 36. Ne7 Rf8 {[#]} (36... Ra8 $142 37. Nxf5 Nxb3 38. Nxd4 Nxd4) 37. Nxf5 $1 {[%mdl 512]} Bc3 (37... Rxf5 38. Re8+) 38. Rc1 Ne4 39. g4 h5 40. Kg2 hxg4 41. Ne7 Rf7 42. Bd8 Kh7 43. f5 (43. Nd5 $142 Bd2 44. Rc4) 43... Bb4 (43... Bf6 $142 44. b4 Rf8) 44. Nc6 Bd2 $2 (44... Bc3 45. Rc2 Rxf5) 45. Rc4 Nd6 (45... Nf6 $142 46. Bxf6 Rxf6) 46. Rd4 {[%mdl 64] Double Attack} Nxf5 {( -> ...Ne3+)} 47. Rxd2 Ne3+ 48. Kg1 $4 {[%mdl 8192]} (48. Kh1 $18) 48... g3 {[%csl Ge3][%cal Rf7f1]} 49. Rd1 Nxd1 $2 $19 {[%mdl 4096] Endgame KRN-KBN} (49... g2 $1 $19 {and Black stays clearly on top.} 50. Kh2 Rf1 51. Rxf1 gxf1=Q 52. Kg3 Nf5+ 53. Kg4 Qf2 54. Bb6 Nh6+ 55. Kh3 Qf3+ $1 {[%mdl 512]} 56. Kh2 Nf5 57. Ne5 Qg3+ $1 {[%mdl 576] Double Attack} 58. Kh1 Nxh4 59. Bg1 Qg2#) 50. Kg2 $17 Rd7 $1 {[%cal Rd7d6] White must now prevent ...Rd6.} 51. b4 {With the idea a5.} Nc3 52. b5 (52. Kxg3 $17 {was called for.} Nxa4 53. Ba5) 52... Nxa4 $19 53. Kxg3 Rb7 $2 (53... Rd5 $19 54. Bg5 (54. b6 $2 Nxb6 55. Bg5 Rc5 $19) 54... Rxb5) 54. Nd4 (54. b6 $5) 54... Nc3 55. b6 Nd5 56. Nc6 $2 {[#]} (56. Ne6 $1 $11) 56... Nxb6 $2 ({Black should try} 56... Rd7 $1 $17 57. h5 {[#]} Nxb6 $1 {[%mdl 512]} 58. Bxb6 Rd6) 57. Na5 $1 $11 {[%cal Ra5b7] The position is equal.} Rb8 58. Bc7 Rg8 {Strongly threatening ...Nd5.} 59. Bxb6 g5 60. h5 Kh6 61. Kg4 {And now Be3 would win.} Re8 62. Bc7 Re4+ 63. Kf5 Rh4 64. Nb7 Kxh5 65. Nc5 Rc4 66. Ne6 {Accuracy: White = 45%, Black = 40%.} 1/2-1/2

[Event "RUS-ch Women Rapid 2019"]
[Site "Sochi"]
[Date "2019.10.16"]
[Round "9.9"]
[White "Belenkaya, Dina"]
[Black "Maltsevskaya, Aleksandra"]
[Result "0-1"]
[WhiteElo "2185"]
[BlackElo "2304"]
[Annotator "NA"]
[PlyCount "54"]
[EventDate "2019.10.15"]
[EventType "swiss"]
[EventCountry "RUS"]
[SourceTitle "playchess.com"]
[Source "ChessBase"]
[SourceQuality "1"]
[TimeControl "900+10"]

1. e4 {[%emt 0:00:00]} c5 {[%emt 0:00:00]} 2. Nc3 {[%emt 0:00:00]} Nc6 {[%emt 0:00:00]} 3. g3 {[%emt 0:00:00]} g6 {[%emt 0:00:13]} 4. Bg2 {[%emt 0:00:00]} Bg7 {[%emt 0:00:02]} 5. d3 {[%emt 0:00:05]} e6 {[%emt 0:00:04]} 6. Nf3 {[%emt 0:00:12]} Nge7 {[%emt 0:00:02]} 7. Bg5 {[%emt 0:00:03]} h6 {[%emt 0:00:19]} 8. Be3 {[%emt 0:00:02]} b6 {[%emt 0:00:02]} 9. Qd2 {[%emt 0:00:20]} d5 {[%emt 0:00:49]} 10. exd5 {[%emt 0:00:39]} exd5 {[%emt 0:00:02]} 11. d4 {[%emt 0:00:08]} O-O {[%emt 0:02:32]} 12. O-O-O {[%emt 0:03:19]} Nf5 {[%emt 0:01:34]} 13. dxc5 {[%emt 0:01:27]} d4 {[%emt 0:00:27]} 14. Nxd4 {[%emt 0:00:39]} Nfxd4 {[%emt 0:02:00]} 15. Bxd4 {[%emt 0:01:16]} Nxd4 {[%emt 0:00:02]} 16. Bxa8 {[%emt 0:00:41]} Bg4 {[%emt 0:00:22]} 17. f3 {[%emt 0:00:42]} Be6 {[%emt 0:00:03]} 18. Be4 {[%emt 0:01:13]} bxc5 {[%emt 0:00:02]} 19. Nb5 {[%emt 0:01:11]} Qb6 {[%emt 0:00:15]} 20. Nxd4 {[%emt 0:00:11]} cxd4 {[%emt 0:00:04]} 21. Qd3 {[%emt 0:02:10]} Rb8 {[%emt 0:00:14]} 22. f4 {[%emt 0:01:13]} Qxb2+ {[%emt 0:00:17]} 23. Kd2 {[%emt 0:00:02]} Qb4+ {[%emt 0:00:02]} 24. c3 {[%emt 0:00:59]} dxc3+ {[%emt 0:00:03]} 25. Ke3 {[%emt 0:00:04]} Qc5+ {[%emt 0:00:09]} 26. Kf3 {[%emt 0:00:04]} Rb2 {[%emt 0:00:03]} 27. Rhf1 {[%emt 0:01:21]} Bg4+ {[%emt 0:00:02]} 0-1

[Event "RUS-ch Women Rapid 2019"]
[Site "Sochi"]
[Date "2019.10.16"]
[Round "9.10"]
[White "Illina, Natalia"]
[Black "Kovanova, Baira"]
[Result "0-1"]
[WhiteElo "2081"]
[BlackElo "2288"]
[Annotator "TA"]
[PlyCount "60"]
[EventDate "2019.10.15"]
[EventType "swiss"]
[EventCountry "RUS"]
[SourceTitle "playchess.com"]
[Source "ChessBase"]
[SourceQuality "1"]

{[%evp 9,102,31,29,33,32,29,40,0,2,13,39,0,39,20,31,9,74,72,68,77,100,0,45,0,18,25,38,34,37,35,83,84,81,77,76,53,46,0,0,-16,-19,-54,-78,-113,-58,-54,-42,-206,290,-96,-95,-265,-243,-248,-202,-207,-207,-202,-196,-205,-159,-185,-188,-227,-233,-232,-231,-329,-331,-298,-288,-395,-381,-1137,-1135,-1056,-1028,-29998,-1103,-1091,-1115,-1099,-1099,-1056,-1021,-946,-913,-887,-852,-858,-845,-828,-813,-751,-702]} 1. e4 e5 2. Nf3 d6 3. c3 Nf6 4. Bd3 (4. d3 Be7 5. Be2 O-O 6. O-O Nbd7 7. Nbd2 Re8 8. Re1 Nf8 9. Bf1 Ng6 10. g3 c6 11. Bg2 Bf8 12. d4 {0-1 (52) Klasan,V (2388)-Morgunov,D (2346) Belgrade 2018}) 4... g6 5. Bc2 Bg7 6. d4 {C41: Philidor Defence} Nbd7 $146 ({Predecessor:} 6... exd4 7. cxd4 h6 8. O-O O-O 9. Nc3 Kh7 10. Bf4 b6 11. Bd3 Bb7 {1-0 (58) Turon,P-Fojtu,J Volyne 2003}) 7. O-O O-O 8. dxe5 {White is slightly better.} dxe5 9. Qe2 Nh5 10. Rd1 h6 11. Na3 Qf6 12. Be3 {With the idea Nb5.} Re8 (12... Nf4 $11 13. Bxf4 exf4) 13. Nb5 $16 Qc6 14. a4 $36 {[%mdl 2048] White is really pushing.} a6 15. Na3 ({Better is} 15. Na7 $16 Qe6 16. g3) 15... Ndf6 16. Nd2 Nf4 17. Qc4 Bd7 18. g3 Nh3+ 19. Kg2 Ng5 20. Qxc6 Bxc6 {[#]} 21. f3 $1 b5 22. b4 Ne6 23. a5 g5 24. h3 h5 25. Bg1 g4 26. fxg4 Ng5 (26... hxg4 $17 27. hxg4 Red8) 27. Re1 Rad8 28. Rad1 $2 (28. Nab1 $1 $15) 28... Nxg4 $4 {[%mdl 8192]} (28... hxg4 $19 29. hxg4 {[#]} Ngxe4 $1 {[%mdl 512]} 30. Nxe4 Nxe4 31. Rxd8 Nxc3+ 32. Kh3 Rxd8) 29. Nab1 $2 ({White must play} 29. hxg4 $18 {Black must now prevent Be3.} hxg4 30. Be3) 29... Nf6 $17 30. Bc5 $2 {[#]} (30. Rc1 $17) 30... Ngxe4 {Played: Nf6xe4} 0-1

[Event "RUS-ch Women Rapid 2019"]
[Site "Sochi"]
[Date "2019.10.16"]
[Round "9.11"]
[White "Samigullina, Diana"]
[Black "Vasilevich, Tatjana"]
[Result "0-1"]
[WhiteElo "2161"]
[BlackElo "2265"]
[Annotator "TA"]
[PlyCount "108"]
[EventDate "2019.10.15"]
[EventType "swiss"]
[EventCountry "RUS"]
[SourceTitle "playchess.com"]
[Source "ChessBase"]
[SourceQuality "1"]

{[%evp 12,116,4,-9,7,9,20,37,50,0,6,-13,-7,-22,-8,-4,-18,-8,0,-12,0,0,0,18,115,115,117,14,17,18,13,16,10,19,52,23,29,29,35,32,25,-91,-92,-127,-127,-124,-120,-123,-108,-162,-162,-162,-162,-162,-162,-251,-251,-251,-251,-251,-251,-252,-252,-252,-252,-252,-244,-244,-211,-460,-460,-454,-456,-460,-455,-449,-433,-533,-455,-423,-421,-385,-326,-622,-435,-651,-576,-576,-449,-875,-868,-773,-796,-993,-983,-5493,-5493,-29967,-2885,-2265,-2267,-29984,-5118,-29997,-29998,-29999,-887]} 1. d4 Nf6 2. Nf3 e6 3. Bf4 c5 4. c3 Nc6 5. e3 d5 6. Nbd2 Bd6 7. Ne5 O-O {D02: 1 d4 d5 2 Nf3 sidelines, including 2...Nf6 3 g3 and 2...Nf6 3 Bf4} 8. Bd3 (8. Nxc6 bxc6 9. dxc5 Bxc5 10. Bd3 Bd6 11. Bg5 h6 12. Bh4 a5 13. O-O Be7 14. e4 Ba6 15. Bxa6 Rxa6 {½-½ (54) Mamedyarov,S (2804)-Khachiyan,M (2522) chess.com INT 2018}) 8... Ne7 9. O-O Qc7 {White is slightly better.} 10. h3 $146 ({Predecessor:} 10. Ndf3 Ne4 11. Qc2 f6 12. Bxe4 dxe4 13. Qxe4 cxd4 14. cxd4 fxe5 15. dxe5 {0-1 (106) Villegas,J-Laurent,V Merida 1997}) 10... b6 11. g4 Bb7 12. g5 Ne4 13. Bxe4 dxe4 14. Ndc4 Bxe5 15. Bxe5 Qd8 16. Nd6 Ba6 17. Re1 $36 {[%mdl 2048] Black is under pressure.} Nc8 (17... Nf5 $11 18. Nxe4 Bb7) 18. Nxe4 $16 Bb7 19. f3 (19. Qf3 $16) 19... Bxe4 $1 $11 20. fxe4 {Threatening Qg4.} Qxg5+ 21. Qg4 Qxg4+ 22. hxg4 Rd8 23. Rad1 f6 24. Bc7 Rd7 25. Bg3 c4 26. d5 (26. e5 $11 {remains equal.}) 26... e5 $1 $17 27. Kf2 Nd6 28. Kf3 h6 29. b3 Rc7 30. b4 (30. Rc1 $17 {was necessary.}) 30... a5 $19 31. Rb1 axb4 32. Rxb4 b5 33. Re2 (33. Ra1 {was called for.}) 33... Rca7 34. Rbb2 Ra3 35. Be1 R8a5 36. Rec2 Kf7 37. Re2 Ke7 38. Rec2 Kd7 39. Re2 Kc7 40. g5 $2 (40. Rbc2) 40... hxg5 41. Rh2 Kb6 42. Rh7 Ra7 43. Rc2 Kc5 44. Rb2 {[#]} g4+ $1 {[%mdl 576] Deflection} 45. Kxg4 {If only White now had time for Kf3....} Nxe4 46. Rh8 {and the idea Rc8+ leaves White hopeful.} Ra8 47. Rh7 $2 (47. Rxa8 Rxa8 48. Kf5 Nd6+ 49. Ke6) 47... R3a7 48. Kf5 (48. Rhh2 $142) 48... Nd6+ 49. Kg6 Kxd5 50. Rxg7 (50. Rhh2 $142) 50... Rxa2 51. Rxa2 Rxa2 {[%mdl 4096] Endgame KRB-KRN} 52. Rd7 Ke6 53. Rd8 Rg2+ 54. Kh7 Rg1 {Played: Rg2-e2} 0-1

[Event "RUS-ch Women Rapid 2019"]
[Site "Sochi"]
[Date "2019.10.16"]
[Round "9.12"]
[White "Gritsayeva, Oksana"]
[Black "Dubnikova, Anastasia"]
[Result "1/2-1/2"]
[WhiteElo "2260"]
[BlackElo "1950"]
[Annotator "TA"]
[PlyCount "133"]
[EventDate "2019.10.15"]
[EventType "swiss"]
[EventCountry "RUS"]
[SourceTitle "playchess.com"]
[Source "ChessBase"]
[SourceQuality "1"]

{[%evp 16,133,4,0,43,28,24,0,20,0,0,0,0,0,0,-18,-27,-41,-13,-22,-14,-32,0,0,4,0,45,0,0,0,52,0,0,0,0,0,51,57,59,10,10,11,11,11,11,11,18,0,24,0,0,0,0,0,19,5,5,0,21,21,46,5,5,4,46,46,60,46,46,21,46,46,46,46,46,0,46,46,46,8,46,46,46,8,46,46,46,46,47,0,0,0,7,0,0,0,0,0,0,0,0,0,0,0,0,0,0,0,0,0,0,0,64,0,0,0,0,0,0,0]} 1. e4 e6 2. d4 d5 3. Nc3 Bb4 4. exd5 exd5 5. Bd3 Ne7 6. Qh5 Nbc6 7. Nf3 Be6 8. a3 Bxc3+ 9. bxc3 g6 $146 {C01: French: Exchange Variation} ({Predecessor:} 9... Qd7 10. Ng5 O-O-O 11. Nxe6 fxe6 12. O-O Rdf8 13. a4 Nf5 14. Ba3 Re8 15. Rfe1 g6 16. Qg5 e5 17. dxe5 Nxe5 {1-0 (44) Andreikin,D (2720)-Hansen,E (2573) Berlin 2015}) 10. Qh4 Nf5 11. Qf4 Qd6 12. Qg5 Qe7 13. Qxe7+ Kxe7 14. Bf4 Nd6 15. O-O f6 16. Rab1 Rab8 17. Rfe1 Kd7 18. h3 a6 19. Nd2 Na5 20. g4 $36 {[%mdl 2048] White has the initiative.} g5 21. Bg3 (21. Bxd6 $5 cxd6 22. Re2 $14) 21... h5 22. f3 b5 ({Better is} 22... Bf7 $11) 23. Nb3 (23. Ra1 $14) 23... Nxb3 $11 24. cxb3 hxg4 25. hxg4 Rh3 (25... Rbf8 $11) 26. Kg2 Rbh8 27. Rh1 (27. Rg1 {seems wilder.} f5 28. Bxd6 Kxd6 29. gxf5 Bd7 30. Rbe1) 27... Rxh1 28. Rxh1 Rxh1 29. Kxh1 {[%mdl 4096] Endgame KBB-KBN} Nb7 30. Kg2 c5 31. Kf2 Kc6 32. Ke3 c4 33. bxc4 bxc4 34. Bc2 Kb5 35. Bc7 Kc6 36. Bg3 Kb5 37. Bd1 Bd7 38. Bc7 Kc6 39. Bb8 {[#] Black must now prevent Ba4+.} Kb5 40. f4 a5 41. fxg5 fxg5 42. Bc7 Bc8 43. Be5 Nd8 44. Bd6 Nf7 45. Bc7 Be6 46. Kf2 Bd7 47. Kg2 Be6 48. Kg3 a4 49. Kg2 Nh6 50. Kh3 Nf7 51. Bg3 Bd7 52. Bh2 Kb6 53. Bg3 Kb7 54. Bh2 Kc8 55. Bf3 Be6 56. Kg2 Nh6 57. Kg3 Kd8 58. Bd1 Bd7 59. Kh3 Ke7 60. Be5 Kf7 61. Kg3 Kg6 62. Bf3 Be6 63. Bd6 Nf7 (63... Kf6 $11) 64. Bc7 (64. Be7 $14) 64... Kg7 {The position is equal.} 65. Bd1 Bd7 66. Bf3 Be6 67. Bd1 {Accuracy: White = 46%, Black = 59%.} 1/2-1/2

[Event "RUS-ch Women Rapid 2019"]
[Site "Sochi"]
[Date "2019.10.16"]
[Round "10.1"]
[White "Chernyak, Viktoria"]
[Black "Pogonina, Natalija"]
[Result "1/2-1/2"]
[WhiteElo "2284"]
[BlackElo "2501"]
[Annotator "RC"]
[PlyCount "132"]
[EventDate "2019.10.15"]
[EventType "swiss"]
[EventCountry "RUS"]
[SourceTitle "playchess.com"]
[Source "ChessBase"]
[SourceQuality "1"]
[TimeControl "900+10"]

1. c4 {[%emt 0:00:00]} e6 {[%emt 0:00:00]} 2. Nf3 {[%emt 0:00:02]} d5 {[%emt 0:00:00]} 3. e3 {[%emt 0:00:05]} Nf6 {[%emt 0:00:00]} 4. Nc3 {[%emt 0:00:41]} b6 {[%emt 0:00:14]} 5. cxd5 {[%emt 0:00:22]} exd5 {[%emt 0:00:05]} 6. d4 {[%emt 0:00:01]} a6 {[%emt 0:00:11]} 7. Qc2 {[%emt 0:00:31]} Bb7 {[%emt 0:00:05]} 8. Be2 {[%emt 0:00:35]} Nbd7 {[%emt 0:00:03]} 9. O-O {[%emt 0:00:02]} Bd6 {[%emt 0:00:04]} 10. b3 {[%emt 0:00:36]} O-O {[%emt 0:00:05]} 11. Bb2 {[%emt 0:00:15]} Qe7 {[%emt 0:00:04]} 12. Rac1 {[%emt 0:00:11]} Rac8 {[%emt 0:00:26]} 13. Bd3 {[%emt 0:00:09]} Ne4 {[%emt 0:01:11]} 14. Ne2 {[%emt 0:01:38]} h6 {[%emt 0:00:26]} 15. Ng3 {[%emt 0:00:30]} f5 {[%emt 0:01:53]} 16. Qe2 {[%emt 0:00:09]} Qe6 {[%emt 0:01:26]} 17. Ne5 {[%emt 0:01:39]} Nxe5 18. dxe5 {[%emt 0:00:02]} Bxe5 {[%emt 0:02:25]} 19. Bxe5 {[%emt 0:00:13]} Qxe5 {[%emt 0:00:03]} 20. Bxa6 {[%emt 0:00:12]} Nc3 {[%emt 0:02:35]} 21. Qd3 {[%emt 0:00:18]} Bxa6 {[%emt 0:00:03]} 22. Qxa6 {[%emt 0:00:08]} Ra8 {[%emt 0:00:03]} 23. Qb7 {[%emt 0:00:25]} Rxa2 {[%emt 0:01:24]} 24. Qc6 {[%emt 0:00:04]} Ne2+ {[%emt 0:00:17]} 25. Nxe2 {[%emt 0:00:14]} Rxe2 {[%emt 0:00:03]} 26. Qxc7 {[%emt 0:00:09]} Qxc7 {[%emt 0:00:02]} 27. Rxc7 {[%emt 0:00:01]} Rb2 {[%emt 0:00:02]} 28. Rd7 {[%emt 0:00:53]} f4 {[%emt 0:00:13]} 29. Rxd5 {[%emt 0:00:26]} fxe3 {[%emt 0:01:09]} 30. fxe3 {[%emt 0:00:03]} Rc8 {[%emt 0:00:04]} 31. Rdf5 {[%emt 0:05:07]} Rxb3 {[%emt 0:00:03]} 32. R5f3 {[%emt 0:00:50]} Rc2 {[%emt 0:01:00]} 33. Re1 {[%emt 0:00:46]} Rbb2 {[%emt 0:00:13]} 34. Rg3 {[%emt 0:00:01]} b5 {[%emt 0:01:16]} 35. e4 {[%emt 0:00:02]} Rd2 {[%emt 0:00:59]} 36. h3 {[%emt 0:00:15]} Rbc2 {[%emt 0:00:17]} 37. Rb1 {[%emt 0:00:45]} Rb2 {[%emt 0:00:06]} 38. Re1 {[%emt 0:00:44]} b4 {[%emt 0:00:35]} 39. e5 {[%emt 0:00:06]} Re2 {[%emt 0:00:03]} 40. Rc1 {[%emt 0:02:01]} Rxe5 {[%emt 0:01:15]} 41. Rc7 {[%emt 0:00:01]} Rg5 {[%emt 0:00:13]} 42. Rxg5 {[%emt 0:00:01]} hxg5 {[%emt 0:00:01]} 43. Rc5 {[%emt 0:00:35]} b3 {[%emt 0:00:01]} 44. Rxg5 {[%emt 0:00:03]} Rc2 {[%emt 0:00:02]} 45. Rb5 {[%emt 0:00:03]} b2 {[%emt 0:00:02]} 46. Kh2 {[%emt 0:00:02]} Kf7 {[%emt 0:00:04]} 47. Rb6 {[%emt 0:00:04]} Ke7 {[%emt 0:00:06]} 48. h4 {[%emt 0:00:08]} Kd7 {[%emt 0:00:04]} 49. Kh3 {[%emt 0:00:26]} Kc7 {[%emt 0:00:01]} 50. Rb3 {[%emt 0:00:27]} Kd6 {[%emt 0:00:08]} 51. Rb8 {[%emt 0:00:06]} Kd5 {[%emt 0:00:07]} 52. h5 {[%emt 0:00:15]} Kc4 {[%emt 0:00:06]} 53. g3 {[%emt 0:00:03]} Kc3 {[%emt 0:00:12]} 54. Kh4 {[%emt 0:00:15]} Rg2 {[%emt 0:00:43]} 55. g4 {[%emt 0:00:10]} Kc2 {[%emt 0:00:08]} 56. Kg5 {[%emt 0:00:11]} b1=Q {[%emt 0:00:10]} 57. Rxb1 {[%emt 0:00:02]} Kxb1 {[%emt 0:00:02]} 58. Kf5 {[%emt 0:00:04]} Kc2 {[%emt 0:00:13]} 59. g5 {[%emt 0:00:01]} Kd3 {[%emt 0:00:08]} 60. h6 {[%emt 0:00:29]} gxh6 {[%emt 0:00:03]} 61. gxh6 {[%emt 0:00:01]} Rh2 {[%emt 0:00:58]} 62. Kg6 {[%emt 0:00:01]} Ke4 {[%emt 0:00:01]} 63. h7 {[%emt 0:00:03]} Ke5 {[%emt 0:00:31]} 64. Kg7 {[%emt 0:00:03]} Rg2+ {[%emt 0:00:04]} 65. Kf7 {[%emt 0:00:06]} Rh2 {[%emt 0:00:03]} 66. Kg7 {[%emt 0:00:01]} Rg2+ 1/2-1/2

[Event "RUS-ch Women Rapid 2019"]
[Site "Sochi"]
[Date "2019.10.16"]
[Round "10.2"]
[White "Sukhareva, Evgeniya"]
[Black "Voit, Daria"]
[Result "1/2-1/2"]
[WhiteElo "2122"]
[BlackElo "2361"]
[Annotator "NA"]
[PlyCount "71"]
[EventDate "2019.10.15"]
[EventType "swiss"]
[EventCountry "RUS"]
[SourceTitle "playchess.com"]
[Source "ChessBase"]
[SourceQuality "1"]
[TimeControl "900+10"]

1. d4 {[%emt 0:00:00]} Nf6 {[%emt 0:00:00]} 2. c4 {[%emt 0:00:00]} b6 {[%emt 0:00:00]} 3. Nc3 {[%emt 0:00:06]} Bb7 {[%emt 0:00:00]} 4. Qc2 {[%emt 0:00:04]} d5 {[%emt 0:00:09]} 5. cxd5 {[%emt 0:00:12]} Nxd5 {[%emt 0:00:01]} 6. e4 {[%emt 0:00:01]} Nxc3 {[%emt 0:00:09]} 7. bxc3 {[%emt 0:00:02]} e6 {[%emt 0:00:01]} 8. Nf3 {[%emt 0:00:20]} Be7 {[%emt 0:00:08]} 9. Bb5+ {[%emt 0:00:36]} c6 {[%emt 0:00:01]} 10. Bd3 {[%emt 0:00:01]} c5 {[%emt 0:00:17]} 11. O-O {[%emt 0:00:19]} O-O {[%emt 0:00:15]} 12. Bb2 {[%emt 0:01:50]} Qc8 {[%emt 0:01:50]} 13. Qe2 {[%emt 0:00:45]} Ba6 {[%emt 0:00:42]} 14. d5 {[%emt 0:01:19]} exd5 {[%emt 0:00:09]} 15. exd5 {[%emt 0:00:04]} Bxd3 {[%emt 0:00:51]} 16. Qxd3 {[%emt 0:00:01]} Bf6 {[%emt 0:00:01]} 17. Rab1 {[%emt 0:00:44]} c4 {[%emt 0:01:05]} 18. Qc2 {[%emt 0:02:41]} Qc5 {[%emt 0:00:43]} 19. Rbd1 {[%emt 0:00:23]} Rd8 {[%emt 0:00:25]} 20. Rfe1 {[%emt 0:06:25]} Na6 {[%emt 0:01:20]} 21. Nd2 {[%emt 0:01:31]} Rxd5 {[%emt 0:05:31]} 22. Ne4 {[%emt 0:00:14]} Rxd1 {[%emt 0:00:05]} 23. Nxf6+ {[%emt 0:00:06]} gxf6 {[%emt 0:00:01]} 24. Qxd1 {[%emt 0:00:05]} Nc7 {[%emt 0:00:13]} 25. Bc1 {[%emt 0:00:10]} h5 {[%emt 0:03:05]} 26. Re3 {[%emt 0:00:05]} Re8 {[%emt 0:01:02]} 27. Rg3+ {[%emt 0:00:27]} Kf8 {[%emt 0:00:30]} 28. h3 {[%emt 0:00:43]} Ne6 {[%emt 0:00:19]} 29. Qa4 {[%emt 0:00:14]} Qe5 {[%emt 0:00:36]} 30. Bh6+ {[%emt 0:00:16]} Ke7 {[%emt 0:00:01]} 31. Qxa7+ {[%emt 0:00:02]} Qc7 {[%emt 0:00:01]} 32. Qa3+ {[%emt 0:00:18]} Qc5 {[%emt 0:00:01]} 33. Qa7+ {[%emt 0:00:03]} Qc7 {[%emt 0:00:01]} 34. Qa3+ {[%emt 0:00:15]} Qc5 {[%emt 0:00:01]} 35. Qa7+ {[%emt 0:00:01]} Qc7 {[%emt 0:00:01]} 36. Qa3+ {[%emt 0:00:13]} 1/2-1/2

[Event "RUS-ch Women Rapid 2019"]
[Site "Sochi"]
[Date "2019.10.16"]
[Round "10.3"]
[White "Bodnaruk, Anastasia"]
[Black "Charochkina, Daria"]
[Result "1-0"]
[WhiteElo "2449"]
[BlackElo "2289"]
[Annotator "NA"]
[PlyCount "83"]
[EventDate "2019.10.15"]
[EventType "swiss"]
[EventCountry "RUS"]
[SourceTitle "playchess.com"]
[Source "ChessBase"]
[SourceQuality "1"]
[TimeControl "900+10"]

1. e4 {[%emt 0:00:00]} c6 {[%emt 0:00:00]} 2. d4 {[%emt 0:00:00]} d5 {[%emt 0:00:00]} 3. e5 {[%emt 0:00:00]} c5 {[%emt 0:00:00]} 4. dxc5 {[%emt 0:00:00]} e6 {[%emt 0:00:00]} 5. a3 {[%emt 0:00:00]} Bxc5 {[%emt 0:00:00]} 6. b4 {[%emt 0:00:00]} Bb6 {[%emt 0:00:00]} 7. Nf3 {[%emt 0:00:00]} Ne7 {[%emt 0:00:02]} 8. Bd3 {[%emt 0:00:01]} Ng6 {[%emt 0:02:27]} 9. O-O {[%emt 0:00:01]} Nc6 {[%emt 0:00:00]} 10. Re1 {[%emt 0:00:24]} a5 {[%emt 0:00:11]} 11. bxa5 {[%emt 0:01:17]} Bxa5 {[%emt 0:00:22]} 12. Bd2 {[%emt 0:00:08]} O-O {[%emt 0:00:09]} 13. Bxa5 {[%emt 0:02:05]} Rxa5 {[%emt 0:00:31]} 14. Nbd2 {[%emt 0:00:09]} Qe7 {[%emt 0:00:51]} 15. a4 {[%emt 0:00:12]} Nb4 {[%emt 0:00:40]} 16. Nb3 {[%emt 0:00:56]} Ra8 {[%emt 0:00:26]} 17. Bf1 {[%emt 0:00:53]} Bd7 {[%emt 0:00:08]} 18. c3 {[%emt 0:00:28]} Nc6 {[%emt 0:01:08]} 19. Bb5 {[%emt 0:02:11]} Na5 {[%emt 0:00:30]} 20. Nbd4 {[%emt 0:00:11]} Rfc8 {[%emt 0:00:06]} 21. Bxd7 {[%emt 0:01:42]} Qxd7 {[%emt 0:00:02]} 22. Nb5 {[%emt 0:00:01]} Nc4 {[%emt 0:00:44]} 23. Rb1 {[%emt 0:00:03]} Ra6 {[%emt 0:00:41]} 24. Rb4 {[%emt 0:00:14]} Qd8 {[%emt 0:01:00]} 25. g3 {[%emt 0:02:11]} Ne7 {[%emt 0:00:06]} 26. Nbd4 {[%emt 0:01:23]} Qc7 {[%emt 0:00:25]} 27. Qb1 {[%emt 0:00:57]} b6 {[%emt 0:00:57]} 28. Nb5 {[%emt 0:01:11]} Qb8 {[%emt 0:00:21]} 29. Ng5 {[%emt 0:00:20]} g6 {[%emt 0:00:26]} 30. Nf3 {[%emt 0:01:44]} Nc6 {[%emt 0:00:24]} 31. Rxc4 {[%emt 0:00:20]} dxc4 {[%emt 0:00:03]} 32. Qc1 {[%emt 0:00:10]} Ne7 {[%emt 0:02:32]} 33. Nd6 {[%emt 0:00:26]} Rd8 {[%emt 0:00:05]} 34. Qh6 {[%emt 0:00:26]} Ra7 {[%emt 0:02:27]} 35. Ng5 {[%emt 0:00:06]} Nf5 {[%emt 0:00:01]} 36. Qxh7+ {[%emt 0:00:07]} Kf8 {[%emt 0:00:00]} 37. Ndxf7 {[%emt 0:00:27]} Re8 {[%emt 0:02:19]} 38. Rd1 {[%emt 0:00:05]} Qxe5 {[%emt 0:00:59]} 39. Nxe5 {[%emt 0:00:01]} Rxh7 {[%emt 0:00:01]} 40. Nxh7+ {[%emt 0:00:01]} Kg7 {[%emt 0:00:01]} 41. Ng5 {[%emt 0:00:01]} Kf6 {[%emt 0:00:00]} 42. f4 {[%emt 0:00:00]} 1-0